000 00400pab a2200157 454500
008 180718b2001 xxu||||| |||| 00| 0 eng d
100 _aDatar, M.K.
245 _aA risk perspective on the Union budget 2001
260 _c2001
300 _ap.1375-378
362 _a28 Apr
650 _aBudget - India - 2001-2002
650 _aBudget
773 _aEconomic and Political Weekly
909 _a48192
999 _c48192
_d48192